<?xml version="1.0" encoding="UTF-8"?>
<marc:record xmlns:marc="http://www.loc.gov/MARC21/slim">
   <marc:leader>00000nam a2200000 a 4500</marc:leader>
   <marc:datafield ind1=" " ind2=" " tag="653">
      <marc:subfield code="a">Softcover / Schule</marc:subfield>
   </marc:datafield>
   <marc:datafield ind1=" " ind2=" " tag="653">
      <marc:subfield code="a">Lernen/Schulbücher Allgemeinbildende Schulen</marc:subfield>
   </marc:datafield>
   <marc:datafield ind1="0" ind2="0" tag="245">
      <marc:subfield code="a">Diercke Weltatlas</marc:subfield>
   </marc:datafield>
   <marc:datafield ind1=" " ind2="1" tag="264">
      <marc:subfield code="a">Braunschweig</marc:subfield>
      <marc:subfield code="b">westermann</marc:subfield>
      <marc:subfield code="c">2015</marc:subfield>
   </marc:datafield>
   <marc:datafield ind1=" " ind2=" " tag="250">
      <marc:subfield code="a">1. Aufl., Dr. A,1</marc:subfield>
   </marc:datafield>
   <marc:datafield ind1="1" ind2=" " tag="520">
      <marc:subfield code="a">Angaben aus der Verlagsmeldung

Diercke Weltatlas : Ausgabe 2015 Diercke Weltatlas - Ausgabe 2015 : Ausgabe 2015

Vorank&amp;uuml;ndigung:

Der Klassiker - Aufbruch in neue Dimensionen

Kompetent orientieren lernen durch Verbindung von Tradition und Innovation. Die Neubearbeitung 2015 zeichnet sich u.a. dadurch aus:

* beste physische Karten in klaren Ma&amp;szlig;stabsreihen,
* Kartenlesen leicht gemacht - Einf&amp;uuml;hrung in die Kartenarbeit,
* Trends des 21. Jahrhunderts in Karten entdecken und verstehen lernen (Nachhaltigkeit, Energie, Mobilit&amp;auml;t, Ressourcen),
* &amp;uuml;ber 450 Karten mit ca. 150 Zusatzmaterialien anschaulich kombiniert,
* Wirtschaftskarten zeichnen sich durch bessere Charakterisierung von Standorten aus,
* verbesserte Erschlie&amp;szlig;ungshilfen und einfachere Einstiegskarten,
* 22.000 Registereintr&amp;auml;ge, mit neuem Begriffsschl&amp;uuml;ssel leicht zu &amp;uuml;berblicken,
* eingedruckter Online Schl&amp;uuml;ssel f&amp;uuml;hrt zum digitalen Premium-Bereich im Netz,
* handliches Format 303 mm x 242 mm, hergestellt in nachhaltig zertifizierter Produktionskette,
* umfangreiche Begleitmaterialien, mit Diercke Stempel zur Differenzierung des Anforderungsniveaus der Karten,
* umfangreiche Interneterg&amp;auml;nzung unter www.diercke.de.

Veranstaltungen zum neuen Diercke Weltatlas und seiner digitalen Lernumgebung finden Sie hier: www.westermann.de/veranstaltungen
</marc:subfield>
   </marc:datafield>
   <marc:datafield ind1=" " ind2=" " tag="020">
      <marc:subfield code="a">9783141008005</marc:subfield>
      <marc:subfield code="9">9783141008005</marc:subfield>
   </marc:datafield>
   <marc:datafield ind1=" " ind2=" " tag="020">
      <marc:subfield code="a">3141008000</marc:subfield>
      <marc:subfield code="9">3141008000</marc:subfield>
   </marc:datafield>
   <marc:datafield ind1=" " ind2=" " tag="041">
      <marc:subfield code="a">ger</marc:subfield>
   </marc:datafield>
   <marc:datafield ind1=" " ind2=" " tag="300">
      <marc:subfield code="a">323 S.</marc:subfield>
   </marc:datafield>
</marc:record>
